000 01034njm a22002657a 4500
005 20100916154718.0
006 a|||||r|||||00| 0
007 sd ammalaaahaa
008 100915t xxu||||| |||| 00| 0 eng d
028 _aD/ELRZ. 13
_bREGAL
035 _aGR-03021
040 _aSED
_cSED
100 _917455
_aMangeshkar, Lata
245 _aBande Mataram - Anand Math /
_cby Lata Mangeshkar...[et.al]
_h[sound recording] :
246 _aबन्दे मातरम - आनंद मैथ / लता मंगेशकर द्वारा
260 _aDum Dum, India
_bREGAL
_c1969
300 _a1 sound disc [Gramophone Recording]:
_banalog, 33 1/3 rpm
_c12 in. (LP)
_fGramophone Record
500 _aBrief Record
500 _aRecord labels :REGAL,Blue
505 _aSide-2 Aye mere watan ke logo (Lata Mangeshkar)
600 _2Mangeshkar, Lata
650 _aPatriotic songs
_zIndia
_91186
_xExcerpts
942 _2ddc
_cGR
999 _c46304
_d46304